| 000 | 00751nas a2200193 a 4500 | ||
|---|---|---|---|
| 001 | 000015776 | ||
| 005 | 20210617081214.0 | ||
| 008 | 950512c19939999dr tr p 0 0spa | ||
| 040 |
_aDO-SdBNP _bspa |
||
| 043 | _anwdr--- | ||
| 245 | 0 | 0 | _aGénero y sociedad. |
| 260 |
_aSanto Domingo, República Dominicana : _bCentro de Estudio del Género, _c1993-. |
||
| 300 |
_av. ; _c24 cm. |
||
| 310 | _aCuatrimestral | ||
| 362 | 0 | _aVol. 1, no. 1 (mayo-agosto 1993-) | |
| 650 | 4 |
_aMujer _zRepública Dominicana _xCondición social _vPUBLICACIONES PERIÓDICAS _935510 |
|
| 650 | 4 |
_aMujer _zPublicaciones Periódicas _xCondición económica _vPUBLICACIONES PERIÓDICAS _935511 |
|
| 710 |
_aInstituto Tecnologico de Santo Domingo. _bCentro de Estudio del Género _935512 |
||
| 999 |
_c15323 _d15323 |
||